| 000 | 01794nam a2200565 a 4500 | ||
|---|---|---|---|
| 001 | 20244 | ||
| 003 | VRT | ||
| 005 | 20260120105825.0 | ||
| 008 | 240314s2008 xo oa g 001 0 slo | ||
| 015 | _aSNBA2009/11-05499 | ||
| 020 |
_a9788055119397 _q(brož.) |
||
| 039 | 9 |
_a202403141352 _bVLOAD _c201011021445 _dmvkhe01 _c201010281027 _dmsnmk02 _c201001121317 _dmsnk36 |
|
| 040 |
_aSNK _bslo _cSNK _eAACR2 |
||
| 041 | 1 |
_aslo _hger |
|
| 044 |
_axo _cSK |
||
| 072 | 7 |
_a58 _xBotanika _2konspekt |
|
| 080 |
_a582.282/.284 _22001 |
||
| 080 |
_a581.9 _22001 |
||
| 080 |
_a(4) _22001 |
||
| 080 |
_a(084.42) _22001 |
||
| 100 | 1 |
_aGminder, Andreas _4aut |
|
| 240 | 1 | 0 |
_aWelcher Pilz ist das? _lSlovensky |
| 245 | 1 | 0 |
_aAká je to huba? _c[Andreas Gminder, Tanja Böhningová ; z nemeckého originálu preložila Emília Činčurová] |
| 250 | _a[1. vyd.] | ||
| 260 |
_aBratislava _bIkar _c2009 |
||
| 300 |
_a320 s. _bfareb. fotogr. a ilustr. _c20 cm |
||
| 490 | 1 | _aNový sprievodca prírodou | |
| 500 | _aNáz. z obalu | ||
| 504 | _aReg. | ||
| 650 | 0 | 7 |
_ahuby _2SNKPH |
| 650 | 0 | 7 |
_aflóra _zEurópa _2SNKPH |
| 650 | 0 | 7 |
_aMushrooms _2SNKPHeng |
| 650 | 0 | 7 |
_aFlora _zEurope _2SNKPHeng |
| 655 | 7 |
_aatlasy _2SNKPH |
|
| 655 | 7 |
_aAtlases _2SNKPHeng |
|
| 700 | 1 |
_aBöhning, Tanja, _d1969- _4aut |
|
| 700 | 1 |
_aČinčurová, Emília _4trl |
|
| 830 | 0 | _aNový sprievodca prírodou | |
| 910 | _asnk | ||
| 910 | _asavuk | ||
| 910 | _asnmk | ||
| 910 | _ahevk | ||
| 942 |
_2ddc _cOLDO _n0 |
||
| 949 |
_6273K0507692 _asvkpoA 204331 _bsvkpo516200 |
||
| 949 |
_60133094967 _asnmk _bsnmk94967 |
||
| 949 |
_62889147979 _asavukM 109939 _bsavuk2009/2104 |
||
| 949 |
_617A0623849 _asnkSD 78292 _bsnk2009/11063 _o1421/09 |
||
| 949 |
_617A0624981 _asnkSD 78292 D1 _bsnk2009/12168 _o1421/09 |
||
| 980 | _a582.282/.284 | ||
| 999 |
_c20244 _d20244 |
||